000 00593nam a2200205Ia 4500
005 20250508165942.0
008 008 250505s9999 xx 000 0 eng d
037 _aTextBook
040 _aFEDL
_beng
_cFEDL
041 _aeng
_2eng
084 _a658, NAH/R
_qFEDL
100 _aNahavandi Afsaneh
245 0 _aOrganizational behavior
260 _aNew Delhi, India
_bSage Publications
_c2015
300 _axxii, 453p.
546 _aGifted by Prof. Anita Rampal
700 _a Denhardt Robert B and others
_9782512
942 _cTB
_h658, NAH/R
999 _c1398387
_d1398387